00318nam a2200085Ia 4500008004100000245009100041245004000132260000900172856005100181171204s9999 xx 000 0 und d aStudy Guide with Working Papers, Chapters 16-27 for Heintz/Parry's College Accounting: cJames A. Heintz and Robert W. Parry c2013 uhttp://down.ebook777.com/063/9781285059365.pdf